Les destinations les plus lointaines d'Air France - Statistiques

Statistiques générales
  • Ce quiz a été pris 383 fois
    99 depuis la dernière actualisation
  • Le résultat moyen est 19 sur 38
Statistiques - réponses
kilomètres temps de vol destinations % Correct
9730.36km 14h05 Tokyo-Haneda
90%
9730.36km 14h20 Tokyo-Narita
90%
9124.1km 11h12 Los Angeles
89%
8210.52km 12h05 Pékin (Beijing)
84%
9159.77km 11h17 Rio de Janeiro
82%
11075.53km 13h10 Buenos Aires
77%
10729.42km 13h30 Singapour
73%
11652.06km 14h05 Santiago du Chili
72%
15733km 21h37 Papeete (Tahiti)via Los Angeles
71%
10267.96km 12h30 Lima
69%
8949.21km 12h52 Séoul
69%
9381.2km 11h25 São Paulo
66%
9213.01km 11h23 Mexico City
65%
9459.09km 11h57 Bangkok
60%
8984.97km 11h10 San Francisco
60%
9606.76km 12h50 Hong-Kong
58%
8706.94km 11h47 Johannesbourg
58%
8646.09km 10h40 Bogotá
55%
10700km 14h00 Manille
54%
9337.86km 11h17 Saint Denis deLa Réunion
54%
9287.14km 13h35 Shanghai
54%
7921km 9h40 Vancouver
53%
8072.76km 9h42 Seattle
49%
9647.78km 13h47 Osaka
48%
8726.15km 10h55 Antananarivo
34%
8231.46km 10h12 Cancún
34%
10115.25km 12h40 Hô-Chi-Minh-Ville
31%
9422km 11h32 Port-Louis (Mauritius)
31%
7962.43km 10h02 Dallas
30%
7756.56km 9h45 La Havane
30%
8912km 11h03 San José (Costa Rica)
23%
8072.76km 9h57 Houston
22%
8665.4km 10h35 Panama City
22%
8100km 9h42 Denver
19%
8800km 10h35 Phoenix
16%
8285km 10h14 Male
14%
8037km 9h57 Chennai
6%
7800km 10h15 Bangalore
5%
Aucun quiz correspondant
Distribution des résultats
% des personnes avec chaque résultat
Percentile par nombre de réponses
Votre historique - résultats
Vous n’avez pas pris ce quiz depuis la dernière actualisation